| 000 | 00468nam a22001817a 4500 | ||
|---|---|---|---|
| 999 |
_c478608 _d478608 |
||
| 003 | NUST | ||
| 005 | 20180606045013.0 | ||
| 008 | 180606b ||||| |||| 00| 0 eng d | ||
| 020 | _a9788181477170 | ||
| 038 | _aSNS Library | ||
| 082 | _a535.846 FER 2015 | ||
| 100 |
_aJohn R. Ferraro _911040 |
||
| 245 |
_aIntroductory Raman Spectroscopy _cJohn R. Ferraro |
||
| 250 | _a2nd Ed. | ||
| 260 |
_aIndia _bElsevier _c2015 |
||
| 300 |
_a434 P. _bPb. |
||
| 942 |
_2ddc _cBK |
||